000 00401pab a2200157 454500
008 180718b1956 xxu||||| |||| 00| 0 eng d
100 _aEmbry, Sir Basil
245 _aThe man of action in modern society
260 _c1956
300 _ap.301-306.
362 _aOct-Dec
650 _aPublic administration
773 _aIndian Journal of Public Administration
908 _aN
909 _a100700
999 _c100699
_d100699